[Event "42nd Guernsey Open 2016"]
[Site "Vale GCI"]
[Date "2016.10.20"]
[Round "5"]
[White "De Kruif, Kees"]
[Black "Prins, Jan H"]
[Result "1-0"]
[WhiteElo "1986"]
[BlackElo "2078"]
[PlyCount "66"]
[EventDate "2016.10.16"]
[EventType "swiss"]
[EventRounds "7"]
[EventCountry "GCI"]

1. c4 d6 2. g3 e5 3. Bg2 c6 4. Nc3 Be6 5. d3 Qd7 6. e4 Be7 7. Be3 Na6 8. Qd2
Nc7 9. f4 f6 10. Nf3 b5 11. cxb5 cxb5 12. O-O b4 13. Ne2 Qb5 14. a3 b3 15. d4
Bc4 16. Nc3 Qa6 17. Rf2 exf4 18. Bxf4 Ne6 19. Be3 Rc8 20. Bh3 Rd8 21. Qd1 Rb8
22. Nd2 Ng5 23. Bxg5 fxg5 24. Nxc4 Qxc4 25. Nd5 Bf6 26. Rc1 Qa4 27. Nc7+ Ke7
28. Nd5+ Kd8 29. e5 Be7 30. Rc7 h5 31. Rxe7 (31. Qxb3 $3 Qxb3 (31... Rxb3 32.
Rc8#) 32. Rd7+ Kc8 (32... Ke8 33. Nc7#) 33. Rxe7+ g4 (33... Kd8 34. Rf8#) 34.
Rf8#) 31... Nxe7 32. Nxe7 Kxe7 33. Qd3 Rh6 {This has been guesswork from the
26th move on (poorish scoresheets !?) - however, for interest, my engine
pointed out the ridiculously amazing 31st by White in the variation given. In
the game, the result was 1-0, 42. (AFB)} 1-0

[Event "42nd Guernsey Open 2016"]
[Site "Vale GCI"]
[Date "2016.10.20"]
[Round "5"]
[White "French, Max"]
[Black "Purdon, Colin"]
[Result "0-1"]
[WhiteElo "1983"]
[BlackElo "2053"]
[PlyCount "62"]
[EventDate "2016.10.16"]
[EventType "swiss"]
[EventRounds "7"]
[EventCountry "GCI"]

1. d4 d5 2. c4 c6 3. cxd5 cxd5 4. Nc3 Nc6 5. Bf4 Nf6 6. e3 e6 7. Bd3 Bd6 8.
Bxd6 Qxd6 9. Nf3 O-O 10. O-O Bd7 11. Qe2 Rfc8 12. Rac1 Be8 13. Nd2 e5 14. dxe5
Nxe5 15. Bf5 Bd7 16. Bxd7 Qxd7 17. Nb3 Ne4 18. Nb5 Rc4 19. Na3 Rxc1 20. Rxc1
Rc8 21. Rxc8+ Qxc8 22. Qb5 Qc6 23. f3 Nd6 24. Qa5 h6 25. Qxa7 b6 26. Nd4 Qc1+
27. Kf2 Qd2+ 28. Kg3 Qe1+ 29. Kh3 g5 30. Qb8+ Kh7 31. Qxd6 Qh4# 0-1

[Event "42nd Guernsey Open 2016"]
[Site "Vale GCI"]
[Date "2016.10.20"]
[Round "5"]
[White "Kraft, Karl Heinz"]
[Black "Brookfield, Toby"]
[Result "1-0"]
[WhiteElo "2044"]
[BlackElo "1906"]
[PlyCount "79"]
[EventDate "2016.10.16"]
[EventType "swiss"]
[EventRounds "7"]
[EventCountry "GCI"]

1. e4 c5 2. c3 d6 3. d4 Nf6 4. Bd3 cxd4 5. cxd4 g6 6. Nc3 Bg7 7. f3 O-O 8. Be3
Nc6 9. Qd2 e5 10. d5 Nd4 11. Nge2 Nh5 12. O-O-O Bd7 13. Kb1 Qa5 14. Bg5 Rfe8
15. Nxd4 exd4 16. Ne2 Qxd2 17. Bxd2 f5 18. exf5 Bxf5 19. Bxf5 gxf5 20. Rhe1
Rac8 21. Bb4 Re5 22. Nxd4 Rxd5 23. Ne6 Rxd1+ 24. Rxd1 Bf6 25. Bxd6 Kf7 26. Nf4
Nxf4 27. Bxf4 Rc4 28. Be3 Rb4 29. b3 a6 30. Rd7+ Kg6 31. Kc2 h5 32. Rd5 h4 33.
a3 Rb5 34. Rxb5 axb5 35. h3 Be7 36. a4 bxa4 37. bxa4 Bg5 38. Kd3 Bf6 39. Kc4
Bd8 40. Kd5 1-0

[Event "42nd Guernsey Open 2016"]
[Site "Vale GCI"]
[Date "2016.10.20"]
[Round "5"]
[White "Collier, David O"]
[Black "Rowe, Peter"]
[Result "1/2-1/2"]
[WhiteElo "2024"]
[BlackElo "1964"]
[PlyCount "44"]
[EventDate "2016.10.16"]
[EventType "swiss"]
[EventRounds "7"]
[EventCountry "GCI"]

1. d4 d6 2. Nf3 Bg4 3. Nbd2 Nf6 4. h3 Bxf3 5. Nxf3 Nbd7 6. Bf4 c6 7. e3 Qa5+ 8.
c3 d5 9. Bd3 e6 10. O-O Be7 11. Nd2 O-O 12. Qf3 Rac8 13. g4 Qd8 14. Kh1 Kh8 15.
Rg1 Ng8 16. g5 f5 17. gxf6 Ndxf6 18. Rg2 Bd6 19. Rag1 Rc7 20. Bxd6 Qxd6 21. Qg3
Qxg3 22. Rxg3 Nh6 1/2-1/2

[Event "42nd Guernsey Open 2016"]
[Site "Vale GCI"]
[Date "2016.10.20"]
[Round "5"]
[White "Magnussen, Pal"]
[Black "Milnes, Anthony CP"]
[Result "0-1"]
[WhiteElo "1926"]
[BlackElo "2019"]
[PlyCount "58"]
[EventDate "2016.10.16"]
[EventType "swiss"]
[EventRounds "7"]
[EventCountry "GCI"]

1. e4 e6 2. Qe2 c5 3. Nf3 Nc6 4. g3 Nf6 5. Bg2 Be7 6. e5 Nd5 7. Nc3 Nxc3 8.
bxc3 b6 9. O-O O-O 10. d4 cxd4 11. cxd4 Nb4 12. c4 Ba6 13. a3 Nc6 14. Bb2 Rc8
15. Nd2 Na5 16. Rfc1 Rc7 17. d5 exd5 18. Bxd5 Nb7 19. Ne4 Nc5 20. Nd6 Bb7 21.
Nf5 Ne6 22. Qg4 g6 23. Nd6 Bc6 24. h4 f5 25. exf6 Bxd6 26. Bxe6+ dxe6 27. Qxe6+
Rff7 28. Rd1 Rcd7 29. Re1 Qa8 0-1

[Event "42nd Guernsey Open 2016"]
[Site "Vale GCI"]
[Date "2016.10.20"]
[Round "5"]
[White "Spanton, Timothy R"]
[Black "Norman, Kenneth I"]
[Result "0-1"]
[WhiteElo "1969"]
[BlackElo "2147"]
[PlyCount "84"]
[EventDate "2016.10.16"]
[EventType "swiss"]
[EventRounds "7"]
[EventCountry "GCI"]

1. e4 e5 2. Nf3 Nc6 3. Bb5 a6 4. Bxc6 dxc6 5. Nc3 f6 6. d4 exd4 7. Qxd4 Qxd4 8.
Nxd4 Bd7 9. Be3 O-O-O 10. O-O-O Ne7 11. h4 h5 12. f3 Ng6 13. Nde2 Bd6 14. Na4
Rde8 15. Nb6+ cxb6 16. Rxd6 Kc7 17. Rhd1 Bc8 18. Bf4 Ne5 19. Bxe5 Rxe5 20. Nf4
Rhe8 21. Ng6 R5e6 22. Rxe6 Bxe6 23. Nf4 Bf7 24. a3 a5 25. Kd2 b5 26. Kc3 b6 27.
Rd3 Re5 28. Rd1 c5 29. b4 Re8 30. Nd5+ Kc6 31. Kb2 f5 32. Re1 Bxd5 33. exd5+
Kd7 34. Rxe8 Kxe8 35. bxa5 bxa5 36. c4 bxc4 37. Kc3 Kd7 38. Kxc4 Kd6 39. g3 a4
40. Kb5 Kxd5 41. Kxa4 c4 42. Kb4 Kd4 0-1

[Event "42nd Guernsey Open 2016"]
[Site "Vale GCI"]
[Date "2016.10.20"]
[Round "5"]
[White "Taylor, Mark V"]
[Black "Markering, Martin"]
[Result "1/2-1/2"]
[WhiteElo "2031"]
[BlackElo "1922"]
[PlyCount "54"]
[EventDate "2016.10.16"]
[EventType "swiss"]
[EventRounds "7"]
[EventCountry "GCI"]

1. d4 Nf6 2. c4 c5 3. d5 b5 4. cxb5 a6 5. b6 Qxb6 6. Nc3 g6 7. Nf3 Bg7 8. e4 d6
9. Nd2 Nbd7 10. a4 O-O 11. a5 Qb4 12. Ra4 Qb7 13. Nc4 h6 14. Be2 Ne8 15. O-O
Nc7 16. Ra3 Nb5 17. Rb3 Nxc3 18. bxc3 Qc7 19. Bf4 Rb8 20. Rxb8 Qxb8 21. Qc2 Qa7
22. Rb1 Nf6 23. h3 Nxe4 24. Rb3 Nf6 25. Qd2 Kh7 26. Nb6 Nd7 27. g4 Nxb6 1/2-1/2

[Event "42nd Guernsey Open 2016"]
[Site "Vale GCI"]
[Date "2016.10.20"]
[Round "5"]
[White "Fassaert, Desire JM"]
[Black "Wager, John D"]
[Result "1/2-1/2"]
[WhiteElo "1919"]
[BlackElo "2027"]
[PlyCount "82"]
[EventDate "2016.10.16"]
[EventType "swiss"]
[EventRounds "7"]
[EventCountry "GCI"]

1. c4 Nf6 2. Nf3 g6 3. b3 Bg7 4. Bb2 O-O 5. g3 d6 6. d4 Nbd7 7. Bg2 c5 8. O-O
cxd4 9. Nxd4 Nc5 10. Nc3 Rb8 11. Qd2 Ne6 12. Rac1 Qa5 13. Ne4 Qxd2 14. Nxd2
Nxd4 15. Bxd4 b6 16. Rfd1 Bb7 17. Nb1 Bxg2 18. Kxg2 Rfc8 19. f3 Rc6 20. Nc3 Ne8
21. Nd5 Rb7 22. Bxg7 Kxg7 23. e4 Kf8 24. Kf2 e6 25. Ne3 Ke7 26. Rc2 Rc5 27. Ke2
a6 28. Rdc1 f5 29. Kd3 fxe4+ 30. fxe4 Nf6 31. Rf1 Rb8 32. Rcf2 Rf8 33. Ng4 Nd7
34. Rxf8 Nxf8 35. Ne3 Nd7 36. h4 Ne5+ 37. Kd4 Nc6+ 38. Kc3 Ne5 39. Rf2 b5 40.
Kd4 bxc4 41. Nxc4 Nxc4 1/2-1/2

[Event "42nd Guernsey Open 2016"]
[Site "Vale GCI"]
[Date "2016.10.20"]
[Round "5"]
[White "Bakker, Joop"]
[Black "Campbell, Ian"]
[Result "0-1"]
[WhiteElo "1868"]
[BlackElo "1985"]
[PlyCount "74"]
[EventDate "2016.10.16"]
[EventType "swiss"]
[EventRounds "7"]
[EventCountry "GCI"]

1. e4 g6 2. g3 Bg7 3. Bg2 d6 4. d4 Nd7 5. Ne2 c6 6. a4 Qc7 7. Nbc3 e5 8. Be3
Ngf6 9. h3 b6 10. d5 c5 11. O-O a6 12. f4 Bb7 13. f5 h6 14. fxg6 fxg6 15. g4
O-O 16. Ng3 Kh7 17. g5 Ng8 18. Qg4 Rxf1+ 19. Rxf1 Rf8 20. h4 Rxf1+ 21. Bxf1 Bc8
22. Qf3 Nf8 23. h5 Qd8 24. hxg6+ Nxg6 25. Nf5 Nf4 26. Bxf4 exf4 27. g6+ Kxg6
28. Qxf4 Be5 29. Qg4+ Qg5 30. Nh4+ Kf6 31. Qxg5+ hxg5 32. Nf3 Bf4 33. Kf2 Nh6
34. Ne1 Ng4+ 35. Ke2 Ne3 36. Nd1 Bg4+ 37. Nf3 Nxf1 0-1

[Event "42nd Guernsey Open 2016"]
[Site "Vale GCI"]
[Date "2016.10.20"]
[Round "5"]
[White "Morcom, Huw"]
[Black "Boldt, Heinrich"]
[Result "1/2-1/2"]
[WhiteElo "1961"]
[BlackElo "1874"]
[PlyCount "48"]
[EventDate "2016.10.16"]
[EventType "swiss"]
[EventRounds "7"]
[EventCountry "GCI"]

1. e4 d6 2. d4 Nf6 3. Nd2 e5 4. c3 Be7 5. Ngf3 Nbd7 6. Be2 c6 7. O-O O-O 8. Re1
Qc7 9. Qc2 Re8 10. Nf1 Nf8 11. Ng3 Ng6 12. h3 Be6 13. Ng5 Bd7 14. dxe5 dxe5 15.
Bc4 Rf8 16. Qb3 Nh8 17. a4 h6 18. Nf3 Ng6 19. Be3 b6 20. Nf5 Rae8 21. Nxe7+
Rxe7 22. Qc2 Be6 23. Bxe6 Rxe6 24. Rad1 Rd8 1/2-1/2

[Event "42nd Guernsey Open 2016"]
[Site "Vale GCI"]
[Date "2016.10.20"]
[Round "5"]
[White "Murray, J Stephen"]
[Black "Marley, Andrew SG"]
[Result "0-1"]
[WhiteElo "1795"]
[BlackElo "1957"]
[PlyCount "70"]
[EventDate "2016.10.16"]
[EventType "swiss"]
[EventRounds "7"]
[EventCountry "GCI"]

1. e4 c5 2. Nf3 d6 3. Bb5+ Bd7 4. Bxd7+ Qxd7 5. O-O Nf6 6. Re1 Nc6 7. d4 cxd4
8. Nxd4 g6 9. Nc3 Bg7 10. Bg5 Nxd4 11. Qxd4 O-O 12. Rad1 Qc6 13. Nd5 Nxd5 14.
Qxd5 Rfe8 15. Qxc6 bxc6 16. b3 c5 17. Rd5 a5 18. a4 Bd4 19. Be3 Bc3 20. Red1
Rec8 21. Bd2 Be5 22. Kf1 e6 23. Rd3 c4 24. Rh3 cxb3 25. cxb3 Rc2 26. f4 Bf6 27.
Rd3 Be7 28. Rc3 Rb2 29. Ke1 Rb8 30. Rc7 Bf6 31. Bxa5 R8xb3 32. Rc8+ Kg7 33.
Rxd6 Rxg2 34. Rd2 Rb1+ 35. Rd1 Rg1+ 0-1

[Event "42nd Guernsey Open 2016"]
[Site "Vale GCI"]
[Date "2016.10.20"]
[Round "5"]
[White "Hawkins, James NH"]
[Black "Ippel, Cornelius J"]
[Result "1/2-1/2"]
[WhiteElo "1944"]
[BlackElo "1720"]
[PlyCount "80"]
[EventDate "2016.10.16"]
[EventType "swiss"]
[EventRounds "7"]
[EventCountry "GCI"]

1. d4 e6 2. Nf3 d5 3. e3 c5 4. b3 Nf6 5. Bd3 Nc6 6. O-O cxd4 7. exd4 Bd6 8. Bb2
O-O 9. Nbd2 Bd7 10. a3 Re8 11. Ne5 Qc7 12. f4 Qb6 13. Ndf3 Rad8 14. Qe2 Bc7 15.
Kh1 Ne7 16. Nxd7 Rxd7 17. Ne5 Rdd8 18. g4 Ne4 19. Bxe4 dxe4 20. Qxe4 Bxe5 21.
fxe5 Qc6 22. Qxc6 Nxc6 23. Rad1 Rd7 24. Rd3 Red8 25. Rfd1 Ne7 26. Kg2 Nd5 27.
Bc1 b5 28. c4 bxc4 29. bxc4 Nb6 30. c5 Na4 31. Bg5 Rc8 32. Rc1 Rb7 33. Kh1 h6
34. Be3 Rb2 35. d5 exd5 36. Rxd5 Rb3 37. Bg1 Rxa3 38. c6 Rc3 39. Rxc3 Nxc3 40.
Rc5 Na4 1/2-1/2

[Event "42nd Guernsey Open 2016"]
[Site "Vale GCI"]
[Date "2016.10.20"]
[Round "5"]
[White "Canonne, Antoine"]
[Black "Hoogland, Rob"]
[Result "0-1"]
[WhiteElo "1928"]
[BlackElo "1813"]
[PlyCount "110"]
[EventDate "2016.10.16"]
[EventType "swiss"]
[EventRounds "7"]
[EventCountry "GCI"]

1. e4 c5 2. Nc3 g6 3. f4 Bg7 4. Nf3 Nc6 5. Bb5 Nd4 6. O-O e6 7. Nxd4 cxd4 8.
Ne2 Ne7 9. Bd3 d5 10. Bb5+ Nc6 11. Bxc6+ bxc6 12. e5 c5 13. d3 O-O 14. Qe1 a5
15. a4 f6 16. exf6 Bxf6 17. b3 Bg7 18. Ba3 Qb6 19. Kh1 Ra7 20. Qg3 Raf7 21. Rf3
Qc7 22. Raf1 Rf5 23. Qe1 e5 24. fxe5 Bxe5 25. Ng3 Rxf3 26. Rxf3 Rxf3 27. gxf3
Bh3 28. Bc1 c4 29. bxc4 dxc4 30. Ne4 cxd3 31. cxd3 Bf4 32. Nf2 Qxc1 33. Qxc1
Bxc1 34. Nxh3 Kf7 35. f4 Ke6 36. Kg2 Kf5 37. Kf3 h5 38. Nf2 Bxf4 39. h4 g5 40.
hxg5 Bxg5 41. Ne4 Bf4 42. Nc5 Bc7 43. Nb3 Bb6 44. Nd2 h4 45. Ne4 Bc7 46. Nf2
Bf4 47. Ne4 h3 48. Nc5 h2 49. Kg2 Bc7 50. Nb3 Bb6 51. Kxh2 Kf4 52. Kg2 Ke3 53.
Kf1 Kxd3 54. Ke1 Kc2 55. Nd2 Bc5 0-1

[Event "42nd Guernsey Open 2016"]
[Site "Vale GCI"]
[Date "2016.10.20"]
[Round "5"]
[White "Frijling, Jeroen"]
[Black "Havenaar, Jan"]
[Result "0-1"]
[WhiteElo "1778"]
[BlackElo "2071"]
[PlyCount "142"]
[EventDate "2016.10.16"]
[EventType "swiss"]
[EventRounds "7"]
[EventCountry "GCI"]

1. d4 e6 2. c4 f5 3. g3 Nf6 4. Bg2 d5 5. b3 c6 6. Nf3 Bd6 7. O-O Qe7 8. a4 Nbd7
9. Ba3 c5 10. e3 b6 11. Nc3 Ne4 12. Qc2 Nxc3 13. Qxc3 Bb7 14. Ne5 cxd4 15. Bxd6
dxc3 16. Bxe7 Nxe5 17. Bb4 c2 18. Bd2 O-O-O 19. Rfc1 dxc4 20. Rxc2 Be4 21. Bxe4
fxe4 22. Bb4 a5 23. Ba3 Rd7 24. Bb2 Nf3+ 25. Kg2 Nd2 26. bxc4 Nb3 27. Ra2 Rhd8
28. Ra3 Rd2 29. Rxd2 Nxd2 30. Bxg7 Rd3 31. Ra2 Kb7 32. Rb2 Nxc4 33. Rc2 Nd2 34.
h4 Rd7 35. Bb2 h5 36. Bf6 Rd5 37. Bg7 Rd7 38. Bf6 Rd5 39. Bg7 Rd7 40. Bf6 e5
41. Bxe5 Nf3 42. Bc3 Rc7 43. Rc1 Rc4 44. Bb2 Rxa4 45. Bf6 Rb4 46. g4 Rb5 47. g5
Nxh4+ 48. Kg3 Ng6 49. Rc4 Rb4 50. Rxb4 axb4 51. f4 exf3 52. Kxf3 Kc6 53. Ke4 h4
54. Be5 h3 55. Bg3 Kb5 56. Kd3 Ka4 57. Kc2 Ka3 58. Kb1 Kb3 59. e4 Kc4 60. Kb2
Kd4 61. Kb3 Kxe4 62. Kxb4 Kf5 63. Kb5 Kxg5 64. Kxb6 Kg4 65. Bh2 Kf3 66. Kc5 Nf4
67. Kd4 Ne2+ 68. Kd3 Ng3 69. Kd4 Kg4 70. Ke3 Nf1+ 71. Ke2 Nxh2 0-1

[Event "42nd Guernsey Open 2016"]
[Site "Vale GCI"]
[Date "2016.10.20"]
[Round "5"]
[White "Downey, Keith"]
[Black "Hickman, John E"]
[Result "1/2-1/2"]
[WhiteElo "1829"]
[BlackElo "1926"]
[PlyCount "116"]
[EventDate "2016.10.16"]
[EventType "swiss"]
[EventRounds "7"]
[EventCountry "GCI"]

1. Nf3 d6 2. d4 g6 3. g3 Bg7 4. Bg2 Nd7 5. c4 e5 6. e4 Ngf6 7. Nc3 O-O 8. O-O
c6 9. h3 Qb6 10. Re1 exd4 11. Nxd4 Re8 12. Nc2 Ne5 13. b3 Nfd7 14. Be3 Qc7 15.
Nd4 Nc5 16. Bf1 a5 17. Rc1 Ned7 18. Bf4 Be5 19. Qd2 Qb6 20. Be3 Qb4 21. f4 Bg7
22. Bg2 a4 23. Rb1 axb3 24. axb3 Ra3 25. e5 dxe5 26. Nc2 Nxb3 27. Nxb4 Nxd2 28.
Bxd2 Rd8 29. Nc2 Ra8 30. Ne4 Nc5 31. Be3 Nxe4 32. Bxe4 exf4 33. Bxf4 Bxh3 34.
Rxb7 Ra2 35. Bg5 Re8 36. Re7 Rxe7 37. Bxe7 Be6 38. c5 f5 39. Bd3 Bd5 40. Bd6
Bb3 41. Re8+ Kf7 42. Re7+ Kg8 43. Re2 Bc3 44. Kf2 Kg7 45. Bf4 Ra4 46. Be5+ Bxe5
47. Rxe5 Kf6 48. Re2 f4 49. gxf4 Rxf4+ 50. Kg3 Ra4 51. Rf2+ Ke5 52. Rd2 Ra5 53.
Nb4 Rxc5 54. Rb2 Be6 55. Re2+ Kd6 56. Be4 Rc3+ 57. Kf2 c5 58. Nd3 Bf5 1/2-1/2

[Event "42nd Guernsey Open 2016"]
[Site "Vale GCI"]
[Date "2016.10.20"]
[Round "5"]
[White "Gravett, Alan D"]
[Black "Von Saldern, Ruediger"]
[Result "1-0"]
[WhiteElo "1844"]
[BlackElo "1914"]
[PlyCount "67"]
[EventDate "2016.10.16"]
[EventType "swiss"]
[EventRounds "7"]
[EventCountry "GCI"]

1. Nf3 d5 2. g3 Nd7 3. Bg2 e5 4. d3 Ngf6 5. O-O c6 6. b3 Bd6 7. Bb2 O-O 8. c4
d4 9. Na3 Re8 10. Nc2 Nf8 11. b4 Ng6 12. a4 Bd7 13. c5 Bf8 14. a5 Qc7 15. h4 b6
16. cxb6 axb6 17. Qd2 Reb8 18. e3 dxe3 19. Nxe3 bxa5 20. bxa5 e4 21. dxe4 Nxe4
22. Qc2 Nf6 23. Nc4 Rb5 24. Nd4 Rbb8 25. Nb6 Ra7 26. Nxd7 Qxd7 27. Nxc6 Rc8 28.
Qa4 Rac7 29. a6 Nd5 30. Rfd1 Rxc6 31. Bxd5 Rd6 32. Qxd7 Rxd7 33. a7 Ne7 34.
Bxf7+ 1-0

[Event "42nd Guernsey Open 2016"]
[Site "Vale GCI"]
[Date "2016.10.21"]
[Round "6"]
[White "Hillarp Persson, Tiger"]
[Black "Parligras, Cosmin"]
[Result "1-0"]
[WhiteElo "2513"]
[BlackElo "2263"]
[PlyCount "85"]
[EventDate "2016.10.16"]
[EventType "swiss"]
[EventRounds "7"]
[EventCountry "GCI"]

1. Nf3 Nf6 2. g3 g6 3. c4 c6 4. b3 Bg7 5. Bb2 d5 6. Qc1 b6 7. Bg2 Bb7 8. O-O
O-O 9. d4 e6 10. Nc3 Na6 11. Rd1 Rc8 12. Qf4 Nh5 13. Qe3 Nf6 14. Ba3 Re8 15.
Rac1 Nc7 16. Qd3 Bf8 17. Bxf8 Rxf8 18. Ne5 Nce8 19. c5 Nd7 20. Nxd7 Qxd7 21. e4
f5 22. exd5 exd5 23. Re1 Nc7 24. cxb6 Ba6 25. Qc2 axb6 26. Na4 Na8 27. Re5 Bb5
28. Nc3 Nc7 29. a4 Ba6 30. a5 bxa5 31. Na4 Bb5 32. Nb6 Qd6 33. Nxc8 Rxc8 34.
Qc3 f4 35. Qxa5 Rf8 36. Rce1 f3 37. Bh3 Be2 38. Qd2 c5 39. Rc1 c4 40. bxc4 dxc4
41. Qa5 Rd8 42. Qc5 Na6 43. Qxd6 1-0

[Event "42nd Guernsey Open 2016"]
[Site "Vale GCI"]
[Date "2016.10.21"]
[Round "6"]
[White "Reijneveld, Ad"]
[Black "Korneev, Oleg"]
[Result "0-1"]
[WhiteElo "2092"]
[BlackElo "2581"]
[PlyCount "74"]
[EventDate "2016.10.16"]
[EventType "swiss"]
[EventRounds "7"]
[EventCountry "GCI"]

1. e4 c5 2. Nf3 e6 3. d3 Nc6 4. g3 d5 5. Nbd2 Bd6 6. Bg2 Nge7 7. O-O O-O 8. Re1
Qc7 9. c3 Bd7 10. Qe2 f6 11. Nf1 d4 12. cxd4 cxd4 13. Bd2 e5 14. Rec1 Be6 15.
Be1 b5 16. N1d2 Rfc8 17. Qf1 Qd7 18. Nb3 Nb4 19. Bxb4 Bxb4 20. Rxc8+ Rxc8 21.
Rc1 Rxc1 22. Qxc1 Qc8 23. h4 Qxc1+ 24. Nxc1 Nc8 25. Kh2 Nb6 26. Bh3 Bf7 27. Ng1
Na4 28. Bd7 Nxb2 29. Bxb5 Nd1 30. Kg2 Ba3 31. Nge2 Nc3 32. Bc4 Bxc4 33. dxc4
Bxc1 34. Nxc1 Nxe4 35. Nd3 Kf7 36. f4 Ke6 37. g4 Kd6 0-1

[Event "42nd Guernsey Open 2016"]
[Site "Vale GCI"]
[Date "2016.10.21"]
[Round "6"]
[White "Curtis, John E"]
[Black "Le Roux, Jean Pierre"]
[Result "0-1"]
[WhiteElo "2088"]
[BlackElo "2549"]
[PlyCount "74"]
[EventDate "2016.10.16"]
[EventType "swiss"]
[EventRounds "7"]
[EventCountry "GCI"]

1. d4 Nf6 2. Nf3 c5 3. d5 g6 4. Nc3 Bg7 5. e4 O-O 6. e5 Ne8 7. h4 d6 8. e6 fxe6
9. Ng5 Bd4 10. Be3 Qb6 11. Bd3 Bxe3 12. fxe3 c4 13. Bxc4 Qxe3+ 14. Ne2 e5 15.
Qd3 Qxd3 16. Bxd3 Nf6 17. O-O-O Bg4 18. Rd2 Nbd7 19. Nc3 Nc5 20. Be2 Bxe2 21.
Rxe2 a5 22. Rhe1 Rac8 23. Kd2 h6 24. Nf3 b5 25. Nxb5 Nxd5 26. b3 Kg7 27. Kd1 a4
28. Kd2 Nf4 29. Rf2 Nfe6 30. Rfe2 Rc6 31. Nc3 Nf4 32. Rf2 axb3 33. axb3 Rfc8
34. g3 Nxb3+ 35. cxb3 Rxc3 36. gxf4 Rc2+ 37. Ke3 R8c3+ 0-1

[Event "42nd Guernsey Open 2016"]
[Site "Vale GCI"]
[Date "2016.10.21"]
[Round "6"]
[White "Okhai, Shabir"]
[Black "Abbas, Daniel"]
[Result "1/2-1/2"]
[WhiteElo "2072"]
[BlackElo "2294"]
[PlyCount "60"]
[EventDate "2016.10.16"]
[EventType "swiss"]
[EventRounds "7"]
[EventCountry "GCI"]

1. e4 c5 2. Nf3 e6 3. d4 cxd4 4. Nxd4 Nc6 5. Nc3 Qc7 6. Be3 a6 7. Qd2 Nf6 8.
O-O-O Be7 9. f3 b5 10. Nxc6 dxc6 11. g4 e5 12. Qf2 Be6 13. Kb1 O-O 14. h4 a5
15. g5 Nh5 16. Bh3 a4 17. Bxe6 fxe6 18. Ne2 c5 19. c3 Rad8 20. Qg2 Rd6 21. Qg4
Qd7 22. Rxd6 Qxd6 23. Nc1 g6 24. Rh2 Qc6 25. Rd2 c4 26. a3 Rd8 27. Qg2 Rd6 28.
Qh2 Rxd2 29. Qxd2 Kf7 30. Ne2 Qd6 1/2-1/2

[Event "42nd Guernsey Open 2016"]
[Site "Vale GCI"]
[Date "2016.10.21"]
[Round "6"]
[White "Hoogland, Dirk"]
[Black "Dilleigh, Stephen P"]
[Result "1/2-1/2"]
[WhiteElo "2139"]
[BlackElo "2004"]
[PlyCount "53"]
[EventDate "2016.10.16"]
[EventType "swiss"]
[EventRounds "7"]
[EventCountry "GCI"]

1. c4 e6 2. g3 d5 3. Bg2 Nf6 4. Nf3 Be7 5. d4 O-O 6. O-O c6 7. b3 b6 8. Ne5 Bb7
9. Bb2 Nbd7 10. Nd2 Rc8 11. Rc1 c5 12. Nxd7 Qxd7 13. cxd5 Bxd5 14. Nf3 Qb7 15.
dxc5 Rxc5 16. Bd4 Rxc1 17. Qxc1 Rc8 18. Qb2 Qc7 19. Ne1 Bxg2 20. Kxg2 Qc1 21.
Nd3 Qxb2 22. Bxb2 Rc2 23. Rc1 Rxc1 24. Bxc1 Nd7 25. Bd2 f5 26. Kf3 Kf7 27. h3
1/2-1/2

[Event "42nd Guernsey Open 2016"]
[Site "Vale GCI"]
[Date "2016.10.21"]
[Round "6"]
[White "Milnes, Anthony CP"]
[Black "Hewson, Brian Wr"]
[Result "0-1"]
[WhiteElo "2019"]
[BlackElo "2068"]
[PlyCount "70"]
[EventDate "2016.10.16"]
[EventType "swiss"]
[EventRounds "7"]
[EventCountry "GCI"]

1. f4 Nf6 2. Nf3 c5 3. e3 d6 4. Be2 Nc6 5. d3 e5 6. fxe5 dxe5 7. e4 Be7 8. O-O
O-O 9. Nc3 Be6 10. Bg5 Ng4 11. Bxe7 Nxe7 12. Qd2 Ng6 13. h3 Nf6 14. Qe3 Rc8 15.
Rf2 a6 16. Kh2 h6 17. Rg1 Bg4 18. Nd2 Qd4 19. Nd1 Bxe2 20. Rxe2 Qa4 21. Nc3 Qd4
22. g3 Qxe3 23. Rxe3 Rfd8 24. Nf3 b5 25. g4 c4 26. h4 cxd3 27. cxd3 b4 28. Nd5
Rc2+ 29. Kg3 Nxd5 30. exd5 Rxd5 31. h5 Nf4 32. Rge1 Rg2+ 33. Kh4 f6 34. d4 Rxb2
35. dxe5 Ng2+ 0-1

[Event "42nd Guernsey Open 2016"]
[Site "Vale GCI"]
[Date "2016.10.21"]
[Round "6"]
[White "Heppell, Ian N"]
[Black "Aristegui, Michel"]
[Result "1/2-1/2"]
[WhiteElo "2066"]
[BlackElo "2052"]
[PlyCount "64"]
[EventDate "2016.10.16"]
[EventType "swiss"]
[EventRounds "7"]
[EventCountry "GCI"]

1. e4 Nc6 2. Nf3 d5 3. exd5 Qxd5 4. Nc3 Qd8 5. d4 e6 6. Bc4 Na5 7. Be2 Nf6 8.
O-O Be7 9. Ne5 O-O 10. Bf3 Nd7 11. Qe2 f6 12. Nd3 Nb8 13. Bf4 Nac6 14. Nb5 Nxd4
15. Nxd4 Qxd4 16. Bxc7 Na6 17. Ba5 e5 18. Bc3 Qb6 19. Qe4 Kh8 20. a4 Bd6 21. a5
Qb5 22. Qa4 Qxa4 23. Rxa4 Rb8 24. Re1 Bf5 25. Rc4 Be6 26. Ra4 Bd7 27. Raa1 Bb5
28. Bd5 Rfc8 29. Be4 Rc7 30. Rad1 Rd7 31. Bf5 Rdd8 32. Be4 Rd7 1/2-1/2

[Event "42nd Guernsey Open 2016"]
[Site "Vale GCI"]
[Date "2016.10.21"]
[Round "6"]
[White "Tunge, Christian"]
[Black "Hamperl, Fred"]
[Result "1-0"]
[WhiteElo "2018"]
[BlackElo "2055"]
[PlyCount "79"]
[EventDate "2016.10.16"]
[EventType "swiss"]
[EventRounds "7"]
[EventCountry "GCI"]

1. c4 e5 2. g3 Nc6 3. Bg2 g6 4. Nc3 Bg7 5. Rb1 a5 6. a3 f5 7. b4 axb4 8. axb4
Nf6 9. d3 O-O 10. e3 Ne7 11. Qb3 d6 12. Nge2 c6 13. O-O Be6 14. b5 d5 15. bxc6
bxc6 16. cxd5 Nfxd5 17. Qc2 Qa5 18. Rd1 Nb4 19. Qd2 Rfd8 20. d4 Bc4 21. Bb2 Nd3
22. Ba1 e4 23. Nf4 Rdb8 24. Bf1 Bb3 25. Bxd3 exd3 26. Rdc1 c5 27. Qxd3 c4 28.
Qe2 Nc6 29. Ne6 Bf6 30. Nc5 Be7 31. Nxb3 cxb3 32. Qc4+ Kg7 33. Qxc6 Ba3 34. Bb2
Rc8 35. Qb7+ Qc7 36. Qxb3 Rcb8 37. Qc2 Rc8 38. Bxa3 Rxa3 39. Rb3 Qa5 40. Qb2
1-0

[Event "42nd Guernsey Open 2016"]
[Site "Vale GCI"]
[Date "2016.10.21"]
[Round "6"]
[White "Purdon, Colin"]
[Black "De Kruif, Kees"]
[Result "1-0"]
[WhiteElo "2053"]
[BlackElo "1986"]
[PlyCount "147"]
[EventDate "2016.10.16"]
[EventType "swiss"]
[EventRounds "7"]
[EventCountry "GCI"]

1. d4 Nf6 2. c4 e6 3. Nf3 d5 4. Nc3 Bb4 5. cxd5 Qxd5 6. Bd2 Bxc3 7. bxc3 O-O 8.
e3 b5 9. Qb3 Qxb3 10. axb3 Bd7 11. Ne5 a6 12. Bd3 Bc6 13. Nxc6 Nxc6 14. Ke2 e5
15. f3 Rfe8 16. Kf2 e4 17. Be2 Reb8 18. c4 bxc4 19. Bxc4 Nb4 20. Bxb4 Rxb4 21.
Ra5 exf3 22. gxf3 Nd7 23. Rxa6 Rxa6 24. Bxa6 Rxb3 25. Rc1 Rb2+ 26. Kg3 Rb6 27.
Rxc7 Rg6+ 28. Kf2 Rxa6 29. Rxd7 Kf8 30. Rb7 Rh6 31. Kg3 Rg6+ 32. Kf4 Rh6 33.
Rb2 Ke7 34. e4 Rf6+ 35. Ke3 Rh6 36. d5 g5 37. e5 Rh4 38. Ra2 h6 39. Ra7+ Ke8
40. Ra2 Ke7 41. d6+ Kd8 42. Ra8+ Kd7 43. Rf8 Rf4 44. h4 Ke6 45. hxg5 hxg5 46.
Re8+ Kd7 47. Re7+ Kd8 48. Ra7 Ke8 49. Ra2 Kd7 50. Rg2 f6 51. exf6 Rxf6 52. Rxg5
Kxd6 53. Ke4 Rh6 54. Kf5 Ke7 55. Rg7+ Kf8 56. Rg6 Rh5+ 57. Kf6 Rh4 58. Kg5 Rh1
59. f4 Kf7 60. Ra6 Rg1+ 61. Kf5 Rf1 62. Ra7+ Kf8 63. Kg5 Rf2 64. f5 Rf1 65. Kg6
Rg1+ 66. Kf6 Kg8 67. Ra8+ Kh7 68. Kf7 Rg7+ 69. Ke6 Rb7 70. Rd8 Rb1 71. Re8 Re1+
72. Kf7 Rxe8 73. Kxe8 Kg7 74. Ke7 1-0